| 000 | 00372nam a2200169Ia 4500 | ||
|---|---|---|---|
| 001 | 16909 | ||
| 003 | IN-NITTTR | ||
| 005 | 20251114233200.0 | ||
| 008 | 251113s9999||||xx |||||||||||||| ||eng|| | ||
| 040 | _beng | ||
| 040 | _cIN-NITTTR | ||
| 041 | _aeng | ||
| 082 | _a173 M448M H | ||
| 100 | _aMurya, J. | ||
| 245 | 0 |
_aNaya din naya jeevan / _cMurya, J. |
|
| 942 |
_2ddc _cBK |
||
| 999 |
_c19543 _d19543 |
||